000 00478nam a2200181Ia 4500
001 3210
005 20260306144904.0
008 260306t1996||||xx |||||||||||||| ||spa||
041 _aESP
082 _a262.15
_bC31
100 _aCarriquiry Lecour, Guzmán
_eAUT
245 0 _aLos laicos y la nueva evangelización:
_bapuntes desde la christifideles laici
260 _c1996
300 _a90 páginas :
_c19 cm.
650 _aGEN
654 _aCHU
942 _cLIB
_dJUS
_fJUS
_2ddc
_n
999 _c3210
_d3210